000 02100nam a2200397 a 4500
001 ebr10671131
003 CaPaEBR
006 m u
007 cr cn|||||||||
008 100625s2011 nyua sb 001 0 eng d
010 _z 2010026726
020 _z9781617287848 (hardcover)
020 _z9781617614002 (e-book)
040 _aCaPaEBR
_cCaPaEBR
035 _a(OCoLC)793339967
050 1 4 _aRC931.O73
_bH97 2011eb
082 0 4 _a616.7/16
_222
245 0 0 _aHypertension and bone loss
_h[electronic resource] /
_cAfrooz Afghani, editor.
260 _aHauppauge, N.Y. :
_bNova Science Publishers,
_c2011.
300 _a95 p. :
_bill.
490 1 _aAging issues, health and financial alternatives
490 1 _aCardiology research and clinical developments
500 _a"Nova biomedical."
504 _aIncludes bibliographical references and index.
505 0 _aThe renin-angiotensin system and osteoporosis / Jose Luis Perez-Castrillon, Daniel de Luis, Antonio Duenas-Laita -- Bone mineral density in men and women with essential hypertension / Kazushi Tsuda -- Inverse relationship between blood pressure and bone mineral content in overweight Hispanic women / Afrooz Afghani -- Bone mass and bone remodelling markers in hypertensive postmenopausal women on thiazide diuretics : the Camargo cohort study / Jose M. Olmos ... [et al.] -- Unexpected link between hypertension and osteoporosis / Hideo Shimizu ... [et al.].
533 _aElectronic reproduction.
_bPalo Alto, Calif. :
_cebrary,
_d2013.
_nAvailable via World Wide Web.
_nAccess may be limited to ebrary affiliated libraries.
650 0 _aOsteoporosis.
650 0 _aHypertension
_xEtiology.
650 0 _aOsteoporosis
_xEtiology.
655 7 _aElectronic books.
_2local
700 1 _aAfghani, Afrooz.
710 2 _aebrary, Inc.
830 0 _aAging issues, health and financial alternatives series.
830 0 _aCardiology research and clinical developments series.
856 4 0 _uhttp://site.ebrary.com/lib/rucke/Doc?id=10671131
_zAn electronic book accessible through the World Wide Web; click to view
999 _c62307
_d62307